| 000 | 01117nam a22002417a 4500 | ||
|---|---|---|---|
| 999 |
_c26855 _d26855 |
||
| 005 | 20200311170157.0 | ||
| 010 | _aB-327670-683 | ||
| 020 |
_a8189369520 (V.I) _c300.00 (V.I) |
||
| 020 |
_a8189369539 (V.II) _c290.00 (V.II) |
||
| 035 | _aB-327670-676(V.I) | ||
| 035 | _aB-327677-683(V.II) | ||
| 037 | _bآہلوواليہ بکڈپو | ||
| 082 | _aن | ||
| 100 | _aمحی الدّين نواب | ||
| 245 |
_aآدھا چہرہ / _cمحی الدّين نواب |
||
| 246 |
_aAdha Chehra / _bby Mahi-uddin Nawab |
||
| 260 |
_aدلّی _bکتاب والا _c2008 ء |
||
| 270 |
_a2794, Gali Jhot Wali, Pahari Bhojla _bDelhi _e110006 _k23281499,23240379,9810277298 |
||
| 300 |
_a2V.(341,291)p. _c22cm(Hb) |
||
| 942 |
_2ddc _cUR _hن _mم ح ی |
||